| 000 | 00000nam##2200000za#4500 |
| 001 | 9.639791 |
| 003 | CaOODSP |
| 005 | 20210624222339 |
| 007 | cr ||||||||||| |
| 008 | 150407|2002||||xxc|||||o f|0| 0 fre|d |
| 040 | |aCaOODSP|bfre |
| 043 | |an-cn--- |
| 086 | 1 |aFs23-411/2002F-PDF |
| 110 | 1 |aCanada. |bMinistère des pêches et des océans. |
| 245 | 10|aPolitique du MPO en matière d'aquaculture |h[ressource électronique] |
| 246 | 3 |aPolitique du ministère des Pêches et des Océans en matière d'aquaculture |
| 260 | |aOttawa - Ontario : |bPêches et Océans Canada |cc2002. |
| 300 | |a36p.|bill. en couleur, photographies |
| 500 | |aLe n° de catalogue (Fs23-411/2020) et l'ISBN (0-662-66346-2) de l'édition imprimée bilingue ont été incorrectement copiés dans la version PDF. |
| 590 | |a12-03-Supp|b2012-02-14 |
| 691 | 07|aAquaculture|2gcpds |
| 691 | 07|aMinistère du gouvernement fédéral|2gcpds |
| 691 | 07|aPolitique des pêches|2gcpds |
| 775 | 08|tDFO's aquaculture policy framework |w(CaOODSP)9.695658 |
| 776 | 0#|tDFO's aquaculture policy framework |w(CaOODSP)9.663505 |
| 776 | 0#|tPolitique du MPO en matière d'aquaculture |w(CaOODSP)9.663506 |
| 856 | 40|ahttp://publications.gc.ca|qPDF|s2569 Ko|uhttps://publications.gc.ca/collections/collection_2012/mpo-dfo/Fs23-411-2002-fra.pdf |
| 986 | |aMPO/6228 |